Proyecto Arcoiris: Lenguaje. Enseñanza Básica, 7

Guardat en:
Dades bibliogràfiques
Autor principal: Rojas Leiva, Manuel José (Autor)
Format: Llibre
Idioma:espanyol
Publicat: Santiago Santillana 2001
Matèries:
Etiquetes: Afegir etiqueta
Sense etiquetes, Sigues el primer a etiquetar aquest registre!

MARC

LEADER 00000nam a2200000 a 4500
001 UCH4051
003 CL-VaPUC
008 090818e20010000CL |||||||||||||||||spa|d
020 |a 9561506246 
082 0 4 |a 372.6  |b ROJ  |2 21 
100 0 |a Rojas Leiva, Manuel José  |e author  |9 539496 
245 1 0 |a Proyecto Arcoiris: Lenguaje. Enseñanza Básica, 7 
300 |a 95 p 
942 |c BK 
945 |d 20090818 00:00:00  |a ccalabra 
260 |a Santiago  |b Santillana  |c 2001 
500 |a Material didáctico Proyecto Arcoíris Lenguaje para Séptimo Año de Educación Básica 
650 0 |a Educación básica   |9 224933 
650 0 |a Comprensión de lectura  |9 307588 
650 0 |a Planificación del currículo  |9 269599 
583 |a last modification  |c 20160928 10:45:51  |k Rodrigo Vera 
999 |c 335405  |d 335403